| 000 | 00000nam##2200000za#4500 |
| 001 | 9.648175 |
| 003 | CaOODSP |
| 005 | 20241203113635 |
| 007 | ta |
| 008 | 150407|2001||||xxc||||| f|0| 0 eng|d |
| 020 | |a0-662-30506-X |
| 040 | |aCaOODSP|beng |
| 043 | |an-cn--- |
| 086 | 1 |aEn21-206/2001E |
| 110 | 1 |aCanada. |bEnvironment Canada. |
| 245 | 10|aInforming environmental decisions : |bfirst steps towards a Canadian information system for the environment |
| 260 | |aOttawa - Ontario : |bEnvironment Canada |c2001. |
| 300 | |a20p. ; |c28 cm. |
| 500 | |a"The interim report of the Task Force on a Canadian Information System for the Environment to the Minister of the Environment." |
| 520 | 3 |aThe interim report of the Task Force on a Canadian Information System for the Environment to the Minister of the Environment |
| 563 | |aSoftcover |
| 590 | |a01-21|b2001-05-25 |
| 690 | 07|aEnvironment|2gcpds |
| 690 | 07|aInformation systems|2gcpds |
| 690 | 07|aEnvironmental management|2gcpds |
| 775 | 08|tLa prise de décisions éclairées en matière d'environnement : |w(CaOODSP)9.681500 |
| 776 | 0#|tInforming environmental decisions : |w(CaOODSP)9.696182 |